000 00253nam a2200097Ia 4500
001 1101778
005 20250827003309.0
008 250824s9999 xx 000 0 und d
245 0 _aAŞK AYETLERİ
_cHABIBURRAHMAN EL SHIRAZY
260 _bPANAMA YAYINLARI
999 _c1101778
_d1101778